| 000 | 00529nam a2200181Ia 4500 | ||
|---|---|---|---|
| 008 | 230917s9999||||xx |||||||||||||| ||und|| | ||
| 020 | _cGBP55.99 | ||
| 040 |
_e224657 _aMAIN |
||
| 041 | _aEnglish | ||
| 082 | _a660.6024574 M732M(6) | ||
| 100 | _aRapley, Ralph, ed. | ||
| 245 | 0 | _aMolecular biology and biotechnology | |
| 250 | _a6th ed. | ||
| 260 |
_aCambridge _bRoyal Society of Chemistry _c2015 |
||
| 300 | _axviii, 555 p. | ||
| 500 | _a3558 30/07/2019 IBS200 06/02/2015 Pharmaceutical Sciences (Non- Plan) | ||
| 942 | _cBK | ||
| 999 |
_c32142 _d32142 |
||